[Event "Sachsen-Anhalt Landesliga-B 1920"]
[Site "Sachsen Anhalt"]
[Date "2020.03.01"]
[Round "7.7"]
[White "Langer, Stefan"]
[Black "Klein, Peter2222"]
[Result "0-1"]
[WhiteElo "1835"]
[BlackElo "1427"]
[PlyCount "44"]
[EventDate "2019.09.29"]
[EventType "team-tourn"]
[EventRounds "9"]
[EventCountry "GER"]
[SourceTitle "EXT 2023"]
[Source "ChessBase"]
[SourceDate "2022.10.05"]
[SourceVersion "1"]
[SourceVersionDate "2022.10.05"]
[SourceQuality "1"]
[WhiteTeam "Zeitz Motor"]
[BlackTeam "Dessau II"]
[WhiteTeamCountry "GER"]
[BlackTeamCountry "GER"]

1. d4 d5 2. e3 Nf6 3. Bd3 Bg4 4. Nf3 e6 5. Nbd2 Nbd7 6. h3 Bxf3 7. Nxf3 Bd6 8. 0-0 0-0 9. Ng5 h6 10. Nf3 e5 11. dxe5 Nxe5 12. Be2 Qe7 13. b3 Nxf3+ 14. Bxf3 Qe5 15. g3 Qxa1 16. Bxd5 Rab8 17. Qf3 Nxd5 18. Qxd5 Qxa2 19. c3 Rfd8 20. Qc4 b5 21. Qg4 Qxb3 22. e4 Qe6 0-1

[Event "Sachsen-Anhalt Landesliga-B 1920"]
[Site "Sachsen Anhalt"]
[Date "2019.10.20"]
[Round "2.6"]
[White "Rudolph, Dieter"]
[Black "Langer, Stefan"]
[Result "1-0"]
[WhiteElo "1648"]
[BlackElo "1835"]
[PlyCount "61"]
[EventDate "2019.09.29"]
[EventType "team-tourn"]
[EventRounds "9"]
[EventCountry "GER"]
[SourceTitle "EXT 2023"]
[Source "ChessBase"]
[SourceDate "2022.10.05"]
[SourceVersion "1"]
[SourceVersionDate "2022.10.05"]
[SourceQuality "1"]
[WhiteTeam "Merseburg II"]
[BlackTeam "Zeitz Motor"]
[WhiteTeamCountry "GER"]
[BlackTeamCountry "GER"]

1. c4 d5 2. cxd5 Qxd5 3. Nc3 Qd8 4. d4 Nf6 5. e4 e6 6. Nf3 Be7 7. Bd3 0-0 8. h3 c6 9. a4 Nbd7 10. 0-0 Re8 11. Qc2 Nf8 12. Be3 b6 13. Ne5 Bb7 14. Rad1 Rc8 15. f4 c5 16. dxc5 Bxc5 17. Bxc5 Rxc5 18. Bb5 Qa8 19. Bxe8 Nxe8 20. Qf2 Nf6 21. Nf3 Nxe4 22. Nxe4 Bxe4 23. Rd2 Qc6 24. b3 Rc3 25. Ne5 Qc7 26. b4 Ra3 27. Qd4 Bd5 28. b5 Ng6 29. Nc6 Nh4 30. Qb4 Rg3 31. Ne7+ 1-0

[Event "Sachsen-Anhalt Landesliga-B 1920"]
[Site "Sachsen Anhalt"]
[Date "2019.09.29"]
[Round "1.7"]
[White "Home, Marcus"]
[Black "Langer, Stefan"]
[Result "1-0"]
[WhiteElo "1706"]
[BlackElo "1835"]
[PlyCount "77"]
[EventDate "2019.09.29"]
[EventType "team-tourn"]
[EventRounds "9"]
[EventCountry "GER"]
[SourceTitle "EXT 2023"]
[Source "ChessBase"]
[SourceDate "2022.10.05"]
[SourceVersion "1"]
[SourceVersionDate "2022.10.05"]
[SourceQuality "1"]
[WhiteTeam "Anhalt"]
[BlackTeam "Zeitz Motor"]
[WhiteTeamCountry "GER"]
[BlackTeamCountry "GER"]

1. d4 d5 2. c4 Nf6 3. Nc3 c6 4. Nf3 Bf5 5. cxd5 Nxd5 6. Qb3 Bc8 7. e4 Nxc3 8. bxc3 g6 9. Bc4 e6 10. Bg5 Be7 11. Bxe7 Qxe7 12. 0-0 0-0 13. Nd2 b6 14. e5 Ba6 15. Ne4 Bxc4 16. Qxc4 b5 17. Qd3 Nd7 18. f4 Rfd8 19. Qf3 c5 20. Nd6 Rab8 21. Rab1 a6 22. Rfc1 Rb6 23. Qf2 Rc6 24. Qf3 Rb6 25. a3 Rdb8 26. d5 c4 27. Rd1 Nc5 28. dxe6 Qxe6 29. Ne4 Nd3 30. Nf6+ Kg7 31. Nd5 R6b7 32. Nb4 Qb6+ 33. Kf1 Nxb4 34. axb4 Ra7 35. Rd6 Qc7 36. f5 Rd8 37. Rbd1 Raa8 38. fxg6 Rxd6 39. exd6 1-0

[Event "Leipzig VfB op 16th"]
[Site "Leipzig"]
[Date "2009.04.02"]
[Round "4"]
[White "Langer, Stefan"]
[Black "Langer, Wolfgang2222"]
[Result "1/2-1/2"]
[WhiteElo "1542"]
[BlackElo "1958"]
[PlyCount "41"]
[EventDate "2009.03.31"]
[EventType "swiss"]
[EventRounds "9"]
[EventCountry "GER"]
[SourceTitle "EXT 2010"]
[Source "ChessBase"]
[SourceDate "2010.11.25"]
[SourceVersion "1"]
[SourceVersionDate "2010.11.25"]
[SourceQuality "1"]

1. d4 d5 2. f4 c5 3. c3 e6 4. Nf3 Nf6 5. e3 Be7 6. Bd3 b6 7. 0-0 Bb7 8. Bb5+ Nbd7 9. Bd2 a6 10. Bd3 c4 11. Bc2 0-0 12. Be1 Ne4 13. Nbd2 f5 14. Ne5 Ndf6 15. Rf3 Nxd2 16. Qxd2 Ne4 17. Qe2 Bf6 18. Rh3 Qe8 19. Bh4 Rc8 20. Re1 Rc7 21. Bxe4 1/2-1/2

[Event "Leutersdorf Sparkasse op 13th"]
[Site "Leutersdorf"]
[Date "2009.02.15"]
[Round "7"]
[White "Fuchs, Oliver"]
[Black "Langer, Stefan"]
[Result "1-0"]
[WhiteElo "1971"]
[BlackElo "1519"]
[PlyCount "127"]
[EventDate "2009.02.13"]
[EventType "swiss"]
[EventRounds "7"]
[EventCountry "GER"]
[SourceTitle "CBM 128 Extra"]
[Source "ChessBase"]
[SourceDate "2009.03.05"]
[SourceVersion "2"]
[SourceVersionDate "2009.03.25"]
[SourceQuality "1"]

1. d4 Nf6 2. c4 c5 3. d5 e6 4. Nc3 exd5 5. cxd5 d6 6. e4 g6 7. f4 Bg7 8. Bb5+ Bd7 9. e5 Ng4 10. Bxd7+ Qxd7 11. e6 fxe6 12. Qxg4 Bxc3+ 13. bxc3 exd5 14. Qxd7+ Kxd7 15. Nf3 Re8+ 16. Kf2 Nc6 17. Be3 b5 18. Rhd1 Ne7 19. Rab1 Kc6 20. Rb2 a5 21. g4 b4 22. cxb4 axb4 23. Rc1 Kb5 24. Re2 d4 25. Bxd4 cxd4 26. Nxd4+ Kb6 27. Rce1 Ra7 28. f5 gxf5 29. gxf5 Nxf5 30. Rxe8 Nxd4 31. Rb8+ Kc5 32. Rc1+ Kd5 33. Rd1 Rxa2+ 34. Kg3 Kc5 35. Rc8+ Kd5 36. Rg8 Ra3+ 37. Kh4 b3 38. Rg4 Ra4 39. Kh5 b2 40. Rb1 Rb4 41. Rg2 Rb3 42. Rbxb2 Rh3+ 43. Kg4 Rh6 44. Kg5 Rh3 45. Rg3 Ne6+ 46. Kf6 Rh6+ 47. Ke7 Nd4 48. Rd2 Rh4 49. h3 Ke5 50. Re3+ Kd5 51. Kf6 Kc5 52. Kg5 h6+ 53. Kxh4 Nf5+ 54. Kh5 Nxe3 55. Kxh6 d5 56. Kg5 Kd6 57. Kf6 Nc4 58. Re2 d4 59. h4 d3 60. Re1 Ne5 61. h5 d2 62. Rd1 Ng4+ 63. Kg5 Ne3 64. Rxd2+ 1-0